00913nam a22002531 450000100060000000300080000600500170001400800410003103500190007204000320009104100080012308200180013110000470014924500820019625000110027826000520028930000340034149000350037550400510041065000230046194200120048499900170049695201460051334903BD-RjUL20211209052228.0140519s1965 njua b 000 0 eng  a(BD-RjUL)34997 aDLCcDLCdDLCdBD-RjULbeng aeng00a301bMES 19651 aMerrill, Francis Ellsworth,d1904-910625910aSociety and culture :ban introduction to sociology /cby Francis E. Merrill. a3d ed. aEnglewood Cliffs, N.J. :bPrentice-Hall,c1965. axvi, 618 p. :bill. ;c24 cm.0 aPrentice-Hall sociology series aIncludes bibliographical references and index. 0aSociology.9106260 2ddccBK c34903d34903 00102ddc40718NFICaRUCLbRUCLcReadingd1966-08-11eMirza Books Agency.g41.25l0o301 MES 1965r2014-05-19 00:00:00tC-1w2021-12-09yBK